[Event "ENCI Limburg-open A"]
[Site "Maastricht"]
[Date "2008.05.11"]
[Round "4"]
[White "Michielsen, Joost"]
[Black "Luther, Thomas"]
[Result "1/2-1/2"]
[WhiteElo "2326"]
[BlackElo "2539"]
[PlyCount "68"]
[EventDate "2008.05.09"]
[EventType "swiss"]
[EventRounds "7"]
[EventCountry "NED"]
[Source "P.Boonen"]
[SourceDate "2010.01.01"]

1. e4 e6 2. d4 d5 3. Nc3 Bb4 4. e5 c5 5. a3 Ba5 6. b4 cxd4 7. Nb5 Bc7 8. f4 Bd7
9. Nf3 Bxb5 10. Bxb5+ Nc6 11. Nxd4 Nge7 12. O-O O-O 13. Bxc6 Nxc6 14. Nxc6 bxc6
15. Qd3 a5 16. Be3 Bb6 17. Bd4 Qc7 18. Qe3 Bxd4 19. Qxd4 Qa7 20. Qxa7 Rxa7 21.
Rab1 axb4 22. axb4 Ra3 23. c4 dxc4 24. Rbc1 c3 25. Rf3 Rb8 26. Rfxc3 Rxc3 27.
Rxc3 Rxb4 28. Rxc6 h6 29. g3 g5 30. f5 Rb1+ 31. Kg2 Rb2+ 32. Kg1 Rb1+ 33. Kg2
Rb2+ 34. Kg1 Rb1+ 1/2-1/2

[Event "ENCI Limburg-open A"]
[Site "Maastricht"]
[Date "2008.05.11"]
[Round "4"]
[White "Mol, Christiaan"]
[Black "Jacobsen, Mads Holger"]
[Result "1-0"]
[WhiteElo "2007"]
[BlackElo "1809"]
[PlyCount "91"]
[EventDate "2008.05.09"]
[EventType "swiss"]
[EventRounds "7"]
[EventCountry "NED"]
[Source "P.Boonen"]
[SourceDate "2010.01.01"]

1. d4 d5 2. c4 c6 3. Nc3 Nf6 4. Nf3 a6 5. e3 Bf5 6. Qb3 Ra7 7. Nh4 Bg6 8. Nxg6
hxg6 9. Be2 e6 10. Bd2 dxc4 11. Qxc4 b5 12. Qb3 c5 13. dxc5 Bxc5 14. Bf3 O-O
15. O-O Nbd7 16. Rad1 Ne5 17. Be2 Rd7 18. Bc1 Qe7 19. Rxd7 Qxd7 20. Rd1 Qe7 21.
h3 g5 22. Qc2 g4 23. Ne4 Rc8 24. Nxf6+ gxf6 25. b4 gxh3 26. gxh3 f5 27. bxc5
Kh7 28. Kh2 Qh4 29. Rf1 Kg7 30. Bb2 Rh8 31. Bxe5+ f6 32. Rg1+ Kf7 33. Rg3 fxe5
34. Qc3 f4 35. exf4 exf4 36. Qg7+ Ke8 37. Rf3 Rh5 38. Qg6+ Ke7 39. Qg7+ Ke8 40.
c6 Qe7 41. Qg8+ Qf8 42. Qxf8+ Kxf8 43. Rxf4+ Rf5 44. Rxf5+ exf5 45. c7 Ke7 46.
c8=Q 1-0

[Event "ENCI Limburg-open A"]
[Site "Maastricht"]
[Date "2008.05.11"]
[Round "4"]
[White "Monroy, Charles"]
[Black "Van der Velden, Bram"]
[Result "1-0"]
[WhiteElo "2399"]
[BlackElo "2196"]
[PlyCount "92"]
[EventDate "2008.05.09"]
[EventType "swiss"]
[EventRounds "7"]
[EventCountry "NED"]
[Source "P.Boonen"]
[SourceDate "2010.01.01"]

1. Nf3 Nf6 2. c4 g6 3. b4 Bg7 4. Bb2 O-O 5. e3 d6 6. d3 e5 7. Qc2 c6 8. Be2 Re8
9. O-O Nbd7 10. Nc3 b6 11. Nd2 Bb7 12. Bf3 d5 13. Qb3 Nf8 14. b5 dxc4 15. Nxc4
Qd7 16. bxc6 Bxc6 17. Bxc6 Qxc6 18. a4 N8d7 19. Rfd1 Rad8 20. Qb5 Qc7 21. Ba3
Bf8 22. Bxf8 Kxf8 23. a5 Nc5 24. axb6 axb6 25. Nxb6 Rxd3 26. Ncd5 Nxd5 27. Nxd5
Rxd1+ 28. Rxd1 Qd6 29. Qc4 Kg7 30. h3 Nd7 31. Qa4 Rd8 32. Nc3 Qc7 33. Nd5 Qd6
34. Qa5 Re8 35. Nc3 Qe6 36. Ne4 Nf8 37. Rd5 f6 38. Rd6 Qe7 39. Rxf6 Rd8 40. Ra6
Rd7 41. Ra8 Rb7 42. Kh2 Nd7 43. Qd5 Rc7 44. Qg8+ Kh6 45. g4 Rc2 46. Re8 Qb4 1-0

[Event "ENCI Limburg-open A"]
[Site "Maastricht"]
[Date "2008.05.11"]
[Round "4"]
[White "Nabuurs, Joep"]
[Black "Kalla, Christian"]
[Result "1/2-1/2"]
[WhiteElo "2205"]
[BlackElo "1964"]
[PlyCount "113"]
[EventDate "2008.05.09"]
[EventType "swiss"]
[EventRounds "7"]
[EventCountry "NED"]
[Source "P.Boonen"]
[SourceDate "2010.01.01"]

1. e4 c5 2. Nf3 Nc6 3. d4 cxd4 4. Nxd4 Nf6 5. Nc3 e5 6. Ndb5 d6 7. Bg5 a6 8.
Na3 b5 9. Nd5 Be7 10. Bxf6 Bxf6 11. c3 Bg5 12. Nc2 Rb8 13. b4 O-O 14. Nce3 Be6
15. h4 Bxe3 16. Nxe3 Ne7 17. g3 Qc7 18. Qd2 Rbc8 19. Rc1 f5 20. exf5 Nxf5 21.
Bh3 Qf7 22. Nxf5 Bxf5 23. Bxf5 Qxf5 24. O-O Qe6 25. Rfd1 Rf6 26. Rc2 Rc4 27.
Qd5 Qxd5 28. Rxd5 Kf7 29. a4 bxa4 30. Kg2 e4 31. Ra5 Rf3 32. Rxa4 Rfxc3 33.
Rxc3 Rxc3 34. Rxa6 Ke6 35. Ra7 Kf6 36. Rd7 Rc6 37. Rb7 d5 38. b5 Rd6 39. Kf1 d4
40. Ke1 h5 41. Ra7 Rd5 42. b6 Rb5 43. b7 g6 44. Kd2 Rb2+ 45. Kc1 Rb4 46. Ra4
Rxb7 47. Rxd4 Kf5 48. Kd2 Rb2+ 49. Ke3 Rb3+ 50. Ke2 Ra3 51. Rd5+ Kf6 52. Rb5
Rc3 53. Rb8 Ra3 54. Re8 Kf5 55. Rf8+ Ke5 56. Re8+ Kf5 57. Rf8+ 1/2-1/2

[Event "ENCI Limburg-open A"]
[Site "Maastricht"]
[Date "2008.05.11"]
[Round "4"]
[White "Nijboer, Friso"]
[Black "Swinkels, Robin"]
[Result "1/2-1/2"]
[WhiteElo "2558"]
[BlackElo "2448"]
[PlyCount "79"]
[EventDate "2008.05.09"]
[EventType "swiss"]
[EventRounds "7"]
[EventCountry "NED"]
[Source "P.Boonen"]
[SourceDate "2010.01.01"]

1. e4 e5 2. Nf3 Nc6 3. Bc4 Bc5 4. c3 Nf6 5. d3 a6 6. Bb3 d6 7. h3 Ba7 8. Nbd2
h6 9. Nf1 d5 10. Qe2 dxe4 11. dxe4 Qe7 12. Be3 Be6 13. Bxa7 Nxa7 14. N3d2 O-O-O
15. Ne3 g6 16. O-O-O Nc6 17. Kb1 Na5 18. Bxe6+ Qxe6 19. b4 Nc6 20. Qc4 Qxc4 21.
Nexc4 b5 22. Nb2 a5 23. a3 Rd7 24. Rhe1 Rhd8 25. Kc2 Nh5 26. g3 Ng7 27. Nb3
Rxd1 28. Nxd1 Ne6 29. bxa5 Kb7 30. Nb2 Ra8 31. Rd1 Nxa5 32. Rd5 Nxb3 33. Kxb3
Kb6 34. Nd3 f6 35. f4 exf4 36. gxf4 Ra4 37. f5 gxf5 38. Rxf5 Rxe4 39. Rxf6 h5
40. Nf2 1/2-1/2

[Event "ENCI Limburg-open A"]
[Site "Maastricht"]
[Date "2008.05.11"]
[Round "4"]
[White "Noiroux, Kevin"]
[Black "Vogel, Jaap"]
[Result "0-1"]
[WhiteElo "2134"]
[BlackElo "2254"]
[PlyCount "109"]
[EventDate "2008.05.09"]
[EventType "swiss"]
[EventRounds "7"]
[EventCountry "NED"]
[Source "P.Boonen"]
[SourceDate "2010.01.01"]

1. d4 e6 2. c4 Nf6 3. Nc3 Bb4 4. g3 O-O 5. Bg2 d6 6. Nf3 Nbd7 7. O-O Bxc3 8.
bxc3 Re8 9. Qd3 e5 10. e4 b6 11. Nh4 Bb7 12. f3 Nf8 13. a4 a5 14. Rd1 Ba6 15.
Ba3 g6 16. Bh3 Ne6 17. Rab1 exd4 18. cxd4 d5 19. exd5 Nxd5 20. Bxe6 Rxe6 21.
Re1 Qf6 22. Rxe6 Qxe6 23. Rc1 Qe3+ 24. Qxe3 Nxe3 25. c5 Nc4 26. Rc3 Nxa3 27.
Rxa3 Rd8 28. cxb6 cxb6 29. Rb3 Rxd4 30. Rxb6 Bd3 31. Rb3 Bc2 32. Rc3 Bd1 33. f4
Rxa4 34. Nf3 Bxf3 35. Rxf3 Rb4 36. Rc3 a4 37. Rc8+ Kg7 38. Ra8 h5 39. Kg2 Kf6
40. Kf3 Rb3+ 41. Ke4 a3 42. Ra6+ Kg7 43. f5 g5 44. Ra7 Rb2 45. h4 gxh4 46. gxh4
Rh2 47. Kf4 a2 48. Kg5 Rg2+ 49. Kf4 Rg4+ 50. Ke5 Rxh4 51. Rxa2 f6+ 52. Kd5 Rb4
53. Rg2+ Kf7 54. Rg6 Rf4 55. Rh6 0-1

[Event "ENCI Limburg-open A"]
[Site "Maastricht"]
[Date "2008.05.11"]
[Round "4"]
[White "Obels, Jiri"]
[Black "Hermans, Chris"]
[Result "1-0"]
[WhiteElo "2024"]
[BlackElo "1866"]
[PlyCount "37"]
[EventDate "2008.05.09"]
[EventType "swiss"]
[EventRounds "7"]
[EventCountry "NED"]
[Source "P.Boonen"]
[SourceDate "2010.01.01"]

1. e4 c6 2. d4 d5 3. Nc3 dxe4 4. f3 exf3 5. Nxf3 Bf5 6. Bc4 e6 7. O-O Nf6 8.
Kh1 Be7 9. Ne5 O-O 10. g4 Bg6 11. g5 Nd5 12. h4 Nxc3 13. bxc3 Be4+ 14. Kh2 Bd5
15. Bd3 f6 16. Bxh7+ Kxh7 17. Qh5+ Kg8 18. g6 fxe5 19. Qh7# 1-0

[Event "ENCI Limburg-open A"]
[Site "Maastricht"]
[Date "2008.05.11"]
[Round "4"]
[White "Oosterman, Maarten Jan"]
[Black "Pastoor, Ernst Jan"]
[Result "1-0"]
[WhiteElo "2013"]
[BlackElo "1814"]
[PlyCount "43"]
[EventDate "2008.05.09"]
[EventType "swiss"]
[EventRounds "7"]
[EventCountry "NED"]
[Source "P.Boonen"]
[SourceDate "2010.01.01"]

1. e4 d6 2. d4 g6 3. Nc3 Bg7 4. Bg5 Nd7 5. Qd2 c5 6. Nf3 cxd4 7. Nxd4 Ngf6 8.
Bc4 O-O 9. f3 a6 10. O-O-O Qc7 11. Bb3 Nc5 12. Bxf6 Nxb3+ 13. Nxb3 exf6 14.
Qxd6 Qxd6 15. Rxd6 f5 16. Nd5 Kh8 17. Nb6 Be6 18. Nxa8 Rxa8 19. Rhd1 h5 20. Nc5
Bxa2 21. b3 fxe4 22. fxe4 1-0

[Event "ENCI Limburg-open A"]
[Site "Maastricht"]
[Date "2008.05.11"]
[Round "4"]
[White "Peek, Maurice"]
[Black "Geuss, Paul"]
[Result "1/2-1/2"]
[WhiteElo "2405"]
[BlackElo "2171"]
[PlyCount "72"]
[EventDate "2008.05.09"]
[EventType "swiss"]
[EventRounds "7"]
[EventCountry "NED"]
[Source "P.Boonen"]
[SourceDate "2010.01.01"]

1. d4 Nf6 2. c4 e6 3. g3 d5 4. Bg2 Bb4+ 5. Nd2 O-O 6. Qc2 dxc4 7. Ngf3 b5 8. a4
bxa4 9. O-O Bb7 10. Nxc4 Nbd7 11. Rxa4 a5 12. Bd2 Bc6 13. Raa1 Be4 14. Qc1 c5
15. dxc5 Nxc5 16. Bxb4 axb4 17. Qe3 Qe7 18. Nd4 Bxg2 19. Kxg2 Qb7+ 20. f3 Nd5
21. Qf2 Rfd8 22. Rfd1 h6 23. Na5 Qc7 24. Ndc6 Nb3 25. Nxb3 Rxa1 26. Rxa1 Qxc6
27. Nc5 Qb6 28. Nd3 Ne3+ 29. Kg1 Qd4 30. Rc1 e5 31. h3 b3 32. Rc3 Ra8 33. Kh2
Ra1 34. g4 Nf1+ 35. Kg2 Ne3+ 36. Kh2 Nf1+ 1/2-1/2

[Event "ENCI Limburg-open A"]
[Site "Maastricht"]
[Date "2008.05.11"]
[Round "4"]
[White "Pel, Bonno"]
[Black "Klein, Gernot"]
[Result "1-0"]
[WhiteElo "2288"]
[BlackElo "2024"]
[PlyCount "59"]
[EventDate "2008.05.09"]
[EventType "swiss"]
[EventRounds "7"]
[EventCountry "NED"]
[Source "P.Boonen"]
[SourceDate "2010.01.01"]

1. Nc3 d5 2. e4 d4 3. Nce2 e5 4. Ng3 Be6 5. c3 Nd7 6. cxd4 exd4 7. f4 f6 8. Nf3
c5 9. Bb5 a6 10. Bxd7+ Qxd7 11. d3 Ne7 12. O-O Nc6 13. Qe2 Be7 14. f5 Bf7 15.
Bf4 O-O-O 16. e5 Bd5 17. e6 Qe8 18. Rfc1 g5 19. Bd2 Kb8 20. Ne4 Qf8 21. Be1 h5
22. a3 Bxe4 23. Qxe4 h4 24. b4 cxb4 25. Rab1 a5 26. axb4 g4 27. bxa5 Nb4 28. a6
bxa6 29. Bxb4 Bxb4 30. e7 1-0

[Event "ENCI Limburg-open A"]
[Site "Maastricht"]
[Date "2008.05.11"]
[Round "4"]
[White "Pevar, Andrew"]
[Black "Beukema, Stefan"]
[Result "0-1"]
[WhiteElo "1831"]
[BlackElo "1962"]
[PlyCount "68"]
[EventDate "2008.05.09"]
[EventType "swiss"]
[EventRounds "7"]
[EventCountry "NED"]
[Source "P.Boonen"]
[SourceDate "2010.01.01"]

1. e4 e5 2. Nf3 Nc6 3. Bb5 f5 4. d3 d6 5. O-O fxe4 6. dxe4 Nf6 7. Nc3 Bg4 8.
Be3 Qd7 9. a4 Be7 10. a5 a6 11. Be2 h6 12. Qd2 g5 13. Rfb1 Nh7 14. b4 Bxf3 15.
Bxf3 g4 16. Be2 Bg5 17. b5 Nd8 18. bxa6 bxa6 19. Nd5 O-O 20. Bc4 Kh8 21. Nb4
Ne6 22. Bd5 Rad8 23. Nxa6 Nd4 24. Kh1 c6 25. Bc4 Qe7 26. Rg1 Qf6 27. Be2 h5 28.
c3 Nb3 29. Bxg5 Nxg5 30. Qe3 Nxa1 31. Rxa1 d5 32. Nc5 d4 33. cxd4 exd4 34. Qd2
d3 0-1

[Event "ENCI Limburg-open A"]
[Site "Maastricht"]
[Date "2008.05.11"]
[Round "4"]
[White "Pijpers, Arthur"]
[Black "Surewaard, Wilbert"]
[Result "1-0"]
[WhiteElo "2130"]
[BlackElo "2213"]
[PlyCount "63"]
[EventDate "2008.05.09"]
[EventType "swiss"]
[EventRounds "7"]
[EventCountry "NED"]
[Source "P.Boonen"]
[SourceDate "2010.01.01"]

1. e4 c5 2. Nf3 Nc6 3. d4 cxd4 4. Nxd4 Nf6 5. Nc3 e5 6. Ndb5 d6 7. Bg5 a6 8.
Na3 b5 9. Bxf6 gxf6 10. Nd5 f5 11. c3 Bg7 12. exf5 Bxf5 13. Nc2 Be6 14. g3 O-O
15. Bg2 Rb8 16. O-O Qd7 17. a4 bxa4 18. Rxa4 a5 19. b4 axb4 20. Ncxb4 Nxb4 21.
Rxb4 Rxb4 22. cxb4 Rb8 23. Qd2 Kh8 24. Rc1 h6 25. Rc4 Ra8 26. h3 Ra1+ 27. Kh2
Bxd5 28. Qxd5 Bf6 29. b5 Qa7 30. b6 Qxb6 31. Qxf7 Qd8 32. Rc7 1-0

[Event "ENCI Limburg-open A"]
[Site "Maastricht"]
[Date "2008.05.11"]
[Round "4"]
[White "Rademakers, Evert"]
[Black "Van den Berg, Bram"]
[Result "0-1"]
[WhiteElo "2092"]
[BlackElo "2200"]
[PlyCount "72"]
[EventDate "2008.05.09"]
[EventType "swiss"]
[EventRounds "7"]
[EventCountry "NED"]
[Source "P.Boonen"]
[SourceDate "2010.01.01"]

1. d4 Nf6 2. c4 e5 3. dxe5 Ne4 4. Nf3 b6 5. e3 Bb7 6. a3 Nc6 7. Qc2 Ng5 8. Nbd2
Nxf3+ 9. Nxf3 Qe7 10. Qc3 a5 11. b3 Rg8 12. Bb2 g6 13. Nd4 Bg7 14. f4 h5 15.
O-O-O h4 16. Rg1 O-O-O 17. Bd3 f5 18. e4 Nxd4 19. Qxd4 d6 20. exd6 Rxd6 21. Qe3
Bxb2+ 22. Kxb2 fxe4 23. Bc2 Rxd1 24. Rxd1 g5 25. fxg5 Qxg5 26. Qxg5 Rxg5 27.
Rd2 e3 28. Re2 Rxg2 29. Bd3 Rxe2+ 30. Bxe2 c5 31. b4 Kc7 32. Kb3 Bc6 33. Kc3
Be4 34. Kb3 Kd6 35. bxa5 bxa5 36. Ka4 Ke5 0-1

[Event "ENCI Limburg-open A"]
[Site "Maastricht"]
[Date "2008.05.11"]
[Round "4"]
[White "Reinderman, Dimitri"]
[Black "Memeti, Kastriot"]
[Result "1-0"]
[WhiteElo "2526"]
[BlackElo "2173"]
[PlyCount "53"]
[EventDate "2008.05.09"]
[EventType "swiss"]
[EventRounds "7"]
[EventCountry "NED"]
[Source "P.Boonen"]
[SourceDate "2010.01.01"]

1. c4 e6 2. g3 d5 3. Bg2 Nf6 4. Nf3 c6 5. O-O Nbd7 6. b3 a5 7. Nc3 Be7 8. d3
O-O 9. cxd5 exd5 10. Bb2 Nc5 11. Qc2 Re8 12. Rad1 Qb6 13. e4 dxe4 14. dxe4 Be6
15. Nd4 Bg4 16. f3 Bh5 17. Kh1 Bf8 18. Nf5 Rad8 19. Ne2 Rxd1 20. Rxd1 Nfd7 21.
Nf4 Bg6 22. Nd6 Ra8 23. Nxg6 hxg6 24. Bh3 Qc7 25. e5 Rd8 26. Nxf7 Kxf7 27. e6+
1-0

[Event "ENCI Limburg-open A"]
[Site "Maastricht"]
[Date "2008.05.11"]
[Round "4"]
[White "Reyniers, Pieter"]
[Black "Dirksen, Marieke"]
[Result "1/2-1/2"]
[WhiteElo "2028"]
[BlackElo "1873"]
[PlyCount "72"]
[EventDate "2008.05.09"]
[EventType "swiss"]
[EventRounds "7"]
[EventCountry "NED"]
[Source "P.Boonen"]
[SourceDate "2010.01.01"]

1. e4 c5 2. Nf3 d6 3. d4 cxd4 4. Nxd4 Nf6 5. Nc3 a6 6. Be3 e5 7. Nb3 Be7 8. f3
Qc7 9. Qd2 b5 10. g4 Bb7 11. g5 Nh5 12. Nd5 Bxd5 13. Qxd5 Qc6 14. Na5 Qxd5 15.
exd5 Rf8 16. O-O-O f5 17. Rg1 g6 18. c4 bxc4 19. Bxc4 Nd7 20. Kb1 Bd8 21. Nc6
Bb6 22. Rge1 Bxe3 23. Rxe3 Nb6 24. Bb3 Kd7 25. a3 Nf4 26. Ba2 Rac8 27. Nb4 a5
28. Nc6 a4 29. b4 Rfe8 30. b5 Nh3 31. Kb2 Nxg5 32. h4 Nh3 33. Kc3 Nf4 34. Rd2
h6 35. Kb4 Ra8 36. Re1 Rf8 1/2-1/2

[Event "ENCI Limburg-open A"]
[Site "Maastricht"]
[Date "2008.05.11"]
[Round "4"]
[White "Rietveld, Leo"]
[Black "Bus, Tom"]
[Result "1-0"]
[WhiteElo "2033"]
[BlackElo "2252"]
[PlyCount "103"]
[EventDate "2008.05.09"]
[EventType "swiss"]
[EventRounds "7"]
[EventCountry "NED"]
[Source "P.Boonen"]
[SourceDate "2010.01.01"]

1. d4 Nf6 2. Nc3 c5 3. Nf3 cxd4 4. Qxd4 Nc6 5. Qh4 e6 6. Bg5 Be7 7. e3 a6 8.
Bd3 b5 9. O-O Bb7 10. Rfd1 Nb4 11. e4 h6 12. a3 Nxd3 13. Rxd3 Rg8 14. Bxf6 Bxf6
15. Qg4 g5 16. Nd4 Qb6 17. Rad1 O-O-O 18. b4 Be5 19. Nb3 h5 20. Qe2 g4 21. a4
h4 22. axb5 axb5 23. Nxb5 g3 24. Nd6+ Bxd6 25. Rxd6 Qxf2+ 26. Qxf2 gxf2+ 27.
Kxf2 Bxe4 28. g3 hxg3+ 29. hxg3 Bd5 30. Nc5 Kc7 31. Ra6 Ra8 32. c4 d6 33. cxd5
dxc5 34. Rxa8 Rxa8 35. bxc5 exd5 36. Rxd5 Kc6 37. Rf5 Ra3 38. Kg2 Rc3 39. Kh3
Rxc5 40. Rxf7 Kd6 41. g4 Ke6 42. Rf3 Ra5 43. Kh4 Ke7 44. g5 Ke8 45. Kh5 Ra6 46.
g6 Ra1 47. Kh6 Rh1+ 48. Kg7 Rh2 49. Rf8+ Ke7 50. Rh8 Rf2 51. Rh7 Rg2 52. Kh8+
1-0

[Event "ENCI Limburg-open A"]
[Site "Maastricht"]
[Date "2008.05.11"]
[Round "4"]
[White "Ringoir, Tanguy"]
[Black "Pham, Toan Thanh"]
[Result "1/2-1/2"]
[WhiteElo "2252"]
[BlackElo "2111"]
[PlyCount "86"]
[EventDate "2008.05.09"]
[EventType "swiss"]
[EventRounds "7"]
[EventCountry "NED"]
[Source "P.Boonen"]
[SourceDate "2010.01.01"]

1. e4 c5 2. Nc3 Nc6 3. f4 g6 4. Nf3 Bg7 5. Bb5 Nd4 6. O-O e6 7. e5 a6 8. Bd3
Nxf3+ 9. Qxf3 d5 10. exd6 Qxd6 11. b3 Ne7 12. Bb2 O-O 13. Kh1 Qc7 14. Na4 Bd7
15. Bxg7 Kxg7 16. Be4 Bxa4 17. bxa4 Rab8 18. Rab1 b6 19. Rb3 Rfd8 20. Qc3+ Kg8
21. Qf6 Rd4 22. Re3 Qd8 23. Rd3 Nf5 24. Qxd8+ Rbxd8 25. Rb1 c4 26. Rxd4 Rxd4
27. d3 cxd3 28. Bxd3 Rxa4 29. Rxb6 Rxa2 30. Rxa6 Rxa6 31. Bxa6 Kf8 32. Bd3 Nd4
33. Kg1 Ke7 34. Kf2 Kd6 35. Ke3 Nc6 36. g4 h6 37. h3 e5 38. h4 exf4+ 39. Kxf4
Ne7 40. g5 hxg5+ 41. hxg5 Nd5+ 42. Ke4 f5+ 43. gxf6 Nxf6+ 1/2-1/2

[Event "ENCI Limburg-open A"]
[Site "Maastricht"]
[Date "2008.05.11"]
[Round "4"]
[White "Roggeveen, Pieter"]
[Black "Kruijf, Caspar"]
[Result "1/2-1/2"]
[WhiteElo "2099"]
[BlackElo "1925"]
[PlyCount "86"]
[EventDate "2008.05.09"]
[EventType "swiss"]
[EventRounds "7"]
[EventCountry "NED"]
[Source "P.Boonen"]
[SourceDate "2010.01.01"]

1. Nf3 d5 2. d4 Nf6 3. c4 dxc4 4. Qa4+ c6 5. Qxc4 Bf5 6. Nc3 e6 7. g3 Nbd7 8.
Bg2 Be7 9. O-O O-O 10. Re1 h6 11. e4 Bh7 12. a3 a5 13. Qe2 Re8 14. Ne5 Nxe5 15.
dxe5 Nd7 16. f4 Nc5 17. Be3 Qc7 18. Qc4 b5 19. Qa2 Na6 20. Rad1 Red8 21. Qb1
Rab8 22. Qc2 b4 23. axb4 Bxb4 24. Qe2 Nc5 25. Qc4 Nd7 26. Ra1 Nb6 27. Qa6 Nd7
28. Red1 Nc5 29. Qc4 Nd7 30. Rdc1 Qb7 31. Rc2 Nb6 32. Qe2 Rd7 33. Rd1 Rbd8 34.
Rcd2 Rxd2 35. Rxd2 Rxd2 36. Qxd2 Qd7 37. Qe2 Qb7 38. g4 Nd7 39. Qd3 Be7 40. Qd2
Nc5 41. f5 Qd7 42. Qe2 Qd3 43. Qf2 Nd7 1/2-1/2

[Event "ENCI Limburg-open A"]
[Site "Maastricht"]
[Date "2008.05.11"]
[Round "4"]
[White "Rose, Dominik"]
[Black "Harestad, Hans Krogh"]
[Result "0-1"]
[WhiteElo "2163"]
[BlackElo "2268"]
[PlyCount "52"]
[EventDate "2008.05.09"]
[EventType "swiss"]
[EventRounds "7"]
[EventCountry "NED"]
[Source "P.Boonen"]
[SourceDate "2010.01.01"]

1. d4 Nf6 2. c4 g6 3. Nc3 Bg7 4. e4 d6 5. f4 O-O 6. Nf3 c5 7. d5 e6 8. Be2 exd5
9. cxd5 Bg4 10. O-O Nbd7 11. Nd2 Bxe2 12. Qxe2 Re8 13. a4 Nxe4 14. Ncxe4 f5 15.
Qd3 fxe4 16. Nxe4 Qe7 17. Re1 Nf6 18. Nxf6+ Qxf6 19. Be3 Qxb2 20. Bf2 Qb4 21.
Rab1 Qxa4 22. f5 Bd4 23. fxg6 Bxf2+ 24. Kxf2 Qh4+ 25. Kf1 Rxe1+ 26. Rxe1 Rf8+
0-1

[Event "ENCI Limburg-open A"]
[Site "Maastricht"]
[Date "2008.05.11"]
[Round "4"]
[White "Roufs, Gerard"]
[Black "Dahmen, Christoph"]
[Result "1/2-1/2"]
[WhiteElo "1879"]
[BlackElo "2077"]
[PlyCount "70"]
[EventDate "2008.05.09"]
[EventType "swiss"]
[EventRounds "7"]
[EventCountry "NED"]
[Source "P.Boonen"]
[SourceDate "2010.01.01"]

1. e4 c5 2. c3 Nf6 3. e5 Nd5 4. d4 cxd4 5. Nf3 g6 6. Bc4 Nb6 7. Bb3 Bg7 8. cxd4
O-O 9. O-O d6 10. h3 Nc6 11. Qe2 Bf5 12. Rd1 Na5 13. Bc2 Bxc2 14. Qxc2 Nd5 15.
Qe4 e6 16. Na3 a6 17. Rb1 b5 18. Bg5 Qb6 19. Nc2 Nc4 20. Ne3 Ncxe3 21. fxe3
dxe5 22. Nxe5 Bxe5 23. dxe5 Rac8 24. Rd4 Qc6 25. Qh4 Qc2 26. Rf1 Qe2 27. Qh6
Rc2 28. Rg4 f5 29. exf6 Rf7 30. e4 Nb4 31. Be3 Nd3 32. Rxg6+ hxg6 33. Qxg6+ Kh8
34. Qh6+ Kg8 35. Qg6+ Kh8 1/2-1/2

[Event "ENCI Limburg-open A"]
[Site "Maastricht"]
[Date "2008.05.11"]
[Round "4"]
[White "Sadallah, Osama"]
[Black "Smith, Thijmen"]
[Result "1/2-1/2"]
[WhiteElo "2149"]
[BlackElo "1934"]
[PlyCount "103"]
[EventDate "2008.05.09"]
[EventType "swiss"]
[EventRounds "7"]
[EventCountry "NED"]
[Source "P.Boonen"]
[SourceDate "2010.01.01"]

1. d4 d5 2. c4 e6 3. Nc3 c5 4. cxd5 exd5 5. Nf3 Nc6 6. g3 Nf6 7. Bg2 Be7 8. O-O
O-O 9. Be3 c4 10. h3 Bf5 11. Ne5 h5 12. Bg5 Nd7 13. Bxe7 Nxe7 14. e4 dxe4 15.
Nxc4 Nf6 16. Ne3 Bg6 17. d5 Nc8 18. Nc4 Nd6 19. Nxd6 Qxd6 20. Qd4 Rfe8 21. Rfe1
Re5 22. Rad1 Rd8 23. f4 Re7 24. Qxa7 b6 25. Qa3 Qxa3 26. bxa3 Red7 27. Rd4 Kf8
28. Red1 Bf5 29. d6 Ne8 30. Bxe4 Bxe4 31. Nxe4 f6 32. f5 Ra8 33. a4 Kf7 34. Kf2
Ra5 35. g4 hxg4 36. hxg4 g6 37. fxg6+ Kxg6 38. Rb1 Ra6 39. Rc1 Kf7 40. Rc6 Ke6
41. Ke3 Ke5 42. Nd2 Ke6 43. Nc4 Rxa4 44. Rc8 Nxd6 45. Rc6 b5 46. Nxd6 Rxd4 47.
Kxd4 Rxd6+ 48. Kc5 Rxc6+ 49. Kxc6 b4 50. Kc5 f5 51. gxf5+ Kxf5 52. Kxb4 1/2-1/2

[Event "ENCI Limburg-open A"]
[Site "Maastricht"]
[Date "2008.05.11"]
[Round "4"]
[White "Schaeken, Yordi"]
[Black "Koehnke, Torben"]
[Result "1/2-1/2"]
[WhiteElo "1916"]
[BlackElo "2073"]
[PlyCount "81"]
[EventDate "2008.05.09"]
[EventType "swiss"]
[EventRounds "7"]
[EventCountry "NED"]
[Source "P.Boonen"]
[SourceDate "2010.01.01"]

1. d4 Nf6 2. c4 g6 3. Nc3 Bg7 4. e4 d6 5. Nf3 O-O 6. Be2 e5 7. O-O Nc6 8. d5
Ne7 9. Ne1 Nd7 10. Be3 f5 11. f3 f4 12. Bf2 g5 13. a4 Ng6 14. a5 Rf7 15. c5
Nxc5 16. Bxc5 dxc5 17. a6 b6 18. Bb5 Bd7 19. Bc4 Qf6 20. d6 c6 21. Bxf7+ Qxf7
22. Rf2 Kh8 23. Nc2 Rg8 24. b4 cxb4 25. Nxb4 Bf8 26. Na4 Qc4 27. Nxb6 Qxb4 28.
Nxd7 Bxd6 29. Rb1 Qa3 30. Ra1 Qb4 31. Rd2 Bc5+ 32. Nxc5 Qxc5+ 33. Kh1 Nh4 34.
Rd8 Qb6 35. Rxg8+ Kxg8 36. Rb1 Qxa6 37. Rb8+ Kg7 38. Qd7+ Kh6 39. Qe6+ Ng6 40.
Qh3+ Nh4 41. Qe6+ 1/2-1/2

[Event "ENCI Limburg-open A"]
[Site "Maastricht"]
[Date "2008.05.11"]
[Round "4"]
[White "Scheeren, Fred"]
[Black "Friesen, Boris"]
[Result "1/2-1/2"]
[WhiteElo "1968"]
[BlackElo "2129"]
[PlyCount "92"]
[EventDate "2008.05.09"]
[EventType "swiss"]
[EventRounds "7"]
[EventCountry "NED"]
[Source "P.Boonen"]
[SourceDate "2010.01.01"]

1. e4 e6 2. d4 d5 3. Nd2 Nf6 4. e5 Nfd7 5. Bd3 c5 6. c3 Nc6 7. Ne2 Qb6 8. Nf3
cxd4 9. cxd4 f6 10. exf6 Nxf6 11. O-O Bd6 12. a3 O-O 13. Ng3 Bd7 14. b4 e5 15.
dxe5 Nxe5 16. Nxe5 Bxe5 17. Be3 d4 18. Bd2 Rac8 19. f4 Bb8 20. Bf5 Bxf5 21.
Nxf5 Nd5 22. Qg4 Qf6 23. Ng3 Ne3 24. Bxe3 dxe3 25. Qf3 Qb6 26. Ne2 Rcd8 27. Qe4
Rfe8 28. Qc4+ Kh8 29. Rad1 Rd2 30. Rde1 Qc7 31. Qxc7 Bxc7 32. Rc1 Bb6 33. Rfe1
Red8 34. g3 g6 35. Kg2 R8d3 36. a4 a5 37. b5 Kg7 38. Kf3 Kf6 39. g4 h5 40. h3
hxg4+ 41. hxg4 Rd7 42. Rc4 Rd1 43. Rxd1 Rxd1 44. Rc2 Ra1 45. Rc4 Re1 46. Rc2
Ra1 1/2-1/2

[Event "ENCI Limburg-open A"]
[Site "Maastricht"]
[Date "2008.05.11"]
[Round "4"]
[White "Schilperoort, Jeroen"]
[Black "Goudriaan, Etienne"]
[Result "0-1"]
[WhiteElo "1996"]
[BlackElo "2117"]
[PlyCount "106"]
[EventDate "2008.05.09"]
[EventType "swiss"]
[EventRounds "7"]
[EventCountry "NED"]
[Source "P.Boonen"]
[SourceDate "2010.01.01"]

1. Nc3 d5 2. e3 Nf6 3. Nf3 Bg4 4. h3 Bh5 5. b3 Nbd7 6. d4 e6 7. Be2 c6 8. a3
Bd6 9. Bb2 Qc7 10. Qd2 O-O 11. O-O-O b5 12. g4 Bg6 13. Na2 Ne4 14. Qe1 Nb6 15.
h4 f6 16. h5 Be8 17. Nd2 Nxd2 18. Qxd2 Qe7 19. Qa5 Bc7 20. Qb4 Qxb4 21. Nxb4 e5
22. Nd3 e4 23. Nf4 Bd7 24. Rhg1 a5 25. Kb1 a4 26. b4 Nc8 27. Rg2 Nd6 28. Bc1
Nf7 29. Rh1 Ng5 30. c3 Kf7 31. Kc2 Ne6 32. Bd2 Rg8 33. Kd1 Raf8 34. Bc1 g5 35.
Nxe6 Bxe6 36. Rhg1 h6 37. Rf1 f5 38. f3 exf3 39. Rxf3 Ke7 40. gxf5 Rxf5 41.
Rxf5 Bxf5 42. Bd2 g4 43. e4 dxe4 44. Bxh6 g3 45. Be3 Bh3 46. Rg1 g2 47. Kd2 Bh2
48. h6 Bxg1 49. Bxg1 Rh8 50. Ke3 Rxh6 51. Kxe4 Re6+ 52. Kd3 Rf6 53. c4 Rf1 0-1